000 00214nam a22000857a 4500
001 1301119
005 20260429114038.0
245 _aALİ ULVİ KURUCU'NUN HATIRALARI 5
_cM.ERTUĞRUL DÜZDAĞ
260 _bKETEBE YAYINLARI
999 _c1301119
_d1301119